000 00682nam a2200253Ia 4500
003 OSt
005 20220926005657.0
006 a|||||r|||| 00| 0
007 ta
008 220923b |||||||| |||| 00| 0 eng d
020 _a0074632124
037 _cGeneral Book
040 _aRTL
_cRTL
_beng
041 _2eng
_aeng
082 _aX64.2.N9, N7/TD3
100 _aKhan M Y
_9130349
245 0 _aFinancial services
260 _a New Delhi
_bTata McGraw Hill
_c1997
300 _axvi, various pagination
_ccm.
650 _a Economics
650 _aMoney Market
942 _hX64.2.N9, N7/TD3
_cGB
_2CC
999 _c614767
_d614767